Documento de consulta, hacia una cultura reforzada de consulta y diálogo (Registro nro. 14053)
[ vista simple ]
| 000 -CABECERA | |
|---|---|
| Longitud fija campo de control | 01481nam a2200373 c 4500 |
| 001 - NÚMERO DE CONTROL | |
| Número de control | 14053 |
| 003 - IDENTIFICADOR DE NÚMERO DE CONTROL | |
| Identificador del número de control | ES-MaCES |
| 005 - FECHA Y HORA DE LA ÚLTIMA TRANSACCIÓN | |
| Fecha y hora de la última transacción | 20160629131901.0 |
| 008 - CAMPO FIJO DE DESCRIPCIÓN FIJA--INFORMACIÓN GENERAL | |
| Códigos de información de longitud fija | 020912s2002 lu t o000 | spa d |
| 035 ## - NÚMERO DE CONTROL DEL SISTEMA | |
| Número de control del sistema | CES20020011563m |
| 040 ## - FUENTE DE CATALOGACIÓN | |
| Centro catalogador de origen | ES-MaCES |
| Lengua de catalogación | spa |
| Centro transcriptor | ES-MaCES |
| 110 2# - ENCABEZAMIENTO PRINCIPAL--NOMBRE CORPORATIVO | |
| 9 (RLIN) | 2014 |
| Nombre de entidad corporativa o nombre de jurisdicción como elemento inicial | Comisión de las Comunidades Europeas |
| 245 10 - MENCIÓN DE TÍTULO | |
| Título | Documento de consulta, hacia una cultura reforzada de consulta y diálogo |
| Resto del título | : propuesta de principios generales y normas mínimas para la consulta de la Comisión a las partes interesadas |
| Mención de responsabilidad, etc. | comunicación de la Comisión |
| 260 ## - PUBLICACIÓN, DISTRIBUCIÓN, ETC (PIE DE IMPRENTA) | |
| Lugar de publicación, distribución, etc. | Luxemburgo |
| Nombre del editor, distribuidor, etc. | Oficina de Publicaciones Oficiales de las Comunidades Europeas |
| Fecha de publicación, distribución, etc. | 2002 |
| 300 ## - DESCRIPCIÓN FÍSICA | |
| Extensión | 17 p. |
| Dimensiones | 30 cm |
| 490 1# - MENCIÓN DE SERIE | |
| Mención de serie | COM(02) |
| Designación de volumen o secuencia | 277 final |
| 500 ## - NOTA GENERAL | |
| Nota general | Tít. tomado de la cub. |
| 541 ## - NOTA DE LA FUENTE INMEDIANTE DE ADQUISICIÓN | |
| Forma de adquisición | Suscripción conjunta |
| 650 #4 - ASIENTO SECUNDARIO DE MATERIA--TÉRMINO DE MATERIA | |
| Término de materia o nombre geográfico como elemento inicial | consulta mixta |
| 9 (RLIN) | 28366 |
| 650 #4 - ASIENTO SECUNDARIO DE MATERIA--TÉRMINO DE MATERIA | |
| Término de materia o nombre geográfico como elemento inicial | servicio de consultoría |
| 9 (RLIN) | 29776 |
| 650 #4 - ASIENTO SECUNDARIO DE MATERIA--TÉRMINO DE MATERIA | |
| Término de materia o nombre geográfico como elemento inicial | concertación |
| 9 (RLIN) | 30029 |
| 650 #4 - ASIENTO SECUNDARIO DE MATERIA--TÉRMINO DE MATERIA | |
| Término de materia o nombre geográfico como elemento inicial | Comisión de la CE |
| 9 (RLIN) | 30337 |
| 650 #4 - ASIENTO SECUNDARIO DE MATERIA--TÉRMINO DE MATERIA | |
| Término de materia o nombre geográfico como elemento inicial | política comunitaria |
| 9 (RLIN) | 30776 |
| 650 #4 - ASIENTO SECUNDARIO DE MATERIA--TÉRMINO DE MATERIA | |
| Término de materia o nombre geográfico como elemento inicial | derecho comunitario |
| 9 (RLIN) | 29866 |
| 650 #4 - ASIENTO SECUNDARIO DE MATERIA--TÉRMINO DE MATERIA | |
| Término de materia o nombre geográfico como elemento inicial | aplicación |
| 9 (RLIN) | 29859 |
| 653 10 - TÉRMINO DE INDEXACIÓN--NO CONTROLADO | |
| Término no controlado | Derecho comunitario |
| 650 #4 - ASIENTO SECUNDARIO DE MATERIA--TÉRMINO DE MATERIA | |
| 9 (RLIN) | 26752 |
| Término de materia o nombre geográfico como elemento inicial | UE |
| 787 0# - ENTRADA DE OTRAS ESPECIFICACIONES | |
| Título | Hacia una cultura reforzada de consulta y diálogo |
| Número de control del registro relacionado | (ES-MaCES)14631 |
| 787 0# - ENTRADA DE OTRAS ESPECIFICACIONES | |
| Título | Comunicación de la Comisión sobre la evaluación del impacto |
| Número de control del registro relacionado | (ES-MaCES)14037 |
| 830 #0 - ENCABEZAMIENTO SECUNDARIO DE COLECCIÓN--TÍTULO UNIFORME | |
| Título uniforme | COM(02) |
| Designación de volumen o secuencia | 277 final |
| 9 (RLIN) | 33731 |
| 902 ## - CES. TIPO DE DOCUMENTO | |
| Tipodoc (006$c Sirtex) | DOC Literatura gris |
| 942 ## - ELEMENTOS KOHA | |
| Fuente de clasificaión o esquema | Clasificación propia del CES |
| Koha [por defecto] tipo de item | Monografías |
| Parte de clasificación | 6.0.5. |
| Número de registro | Signatura completa | Tipo de item de Koha |
|---|---|---|
| 048766 | COM(02)277F | Monografías |
